Reyes de Italia - Estadísticas

Estadísticas generales
  • Esta prueba ha sido intentada 58 veces
    53 desde el último reinicio
  • La puntuación promedio es 4 de 5
Estadísticas de respuestas
Período Nombre del Rey % Correcto
1861-1878 Victor Manuel II
91%
1900-1946 Víctor Manuel III
91%
1805-1814 Napoleón
66%
1878-1900 Humberto I
57%
1946-1946 Humberto II
57%
No se encontraron pruebas coincidentes
Distribución de puntuación
Porcentaje de gente con cada puntuación
Porcentaje por número respondido
Historial de tus puntuaciones
No has intentado esta prueba desde el último reinicio